Revista de informação legislativa (Record no. 1595)
[ view plain ]
| 000 -LÍDER | |
|---|---|
| Campo Fixo de Controle | 01191nam a22003737a 4500 |
| 001 - NÚMERO DE CONTROLE | |
| Campo de Controle | 1595 |
| 003 - IDENTIFICAÇÃO DO NÚMERO DE CONTROLE | |
| Campo de Controle | BR-CuiBMT |
| 005 - DATA E HORA DA ÚLTIMA ATUALIZAÇÃO | |
| Campo de Controle | 20231216210212.0 |
| 008 - DADOS FIXOS | |
| Dados Fixos | 231216c1964 dfbqr p 0 a1por d |
| 022 ## - INTERNATIONAL STANDARD SERIAL NUMBER | |
| Nº do ISSN | 0034-835x |
| 040 ## - AGÊNCIA CATALOGADORA | |
| Código da Agência Catalogadora | BR-CuiBMT |
| Agência que transcreveu o registro | BR-CuiBMT |
| 080 ## - Nº DA CLASSIFICAÇÃO DECIMAL UNIVERSAL | |
| Nº Class. CDU | 34 |
| Nº edição CDU | 2007 |
| Subd. Auxiliar Comum | (05) |
| 090 ## - NÚMERO DE CHAMADA | |
| Complemento | Periódico |
| Nº classificação | 34(05) |
| 097 ## - AVALIAÇÃO CAPES | |
| Avaliação CAPES | A |
| CAPES Circulação | Local |
| CAPES Área avaliação | Filosofia/Teologia : subcomissão filosofia |
| 097 ## - AVALIAÇÃO CAPES | |
| Avaliação CAPES | A |
| CAPES Circulação | Direito |
| 097 ## - AVALIAÇÃO CAPES | |
| Avaliação CAPES | B |
| CAPES Circulação | Geografia |
| 097 ## - AVALIAÇÃO CAPES | |
| Avaliação CAPES | B |
| CAPES Circulação | Multidisciplinar |
| 097 ## - AVALIAÇÃO CAPES | |
| Avaliação CAPES | C |
| CAPES Circulação | História |
| 097 ## - AVALIAÇÃO CAPES | |
| Avaliação CAPES | C |
| CAPES Circulação | Ciências Políticas e Relações Internacionais |
| 097 ## - AVALIAÇÃO CAPES | |
| Avaliação CAPES | C |
| CAPES Circulação | Sociologia |
| 098 ## - CÓDIGO CCN | |
| Código CCN | 067082-0 |
| 210 1# - TÍTULO ABREVIADO | |
| Título abreviado | Rev. inf. legis. |
| 245 00 - TÍTULO PRINCIPAL | |
| Título principal | Revista de informação legislativa |
| 260 ## - PUBLICAÇÃO, DISTRIBUIÇÃO, ETC. | |
| Local de publicação | Brasília : |
| Editora | Subsecretaria de Edições Técnicas, |
| Data | 1964- |
| 300 ## - DESCRIÇÃO FÍSICA | |
| N. páginas ou volumes | v. ; |
| Ilustrações | 25 cm |
| 310 ## - PERIODICIDADE ATUAL DA PUBLICAÇÃO | |
| Periodicidade atual da publicação | Trimestral |
| Data da periodicidade atual da publicação | 2008 - |
| 362 0# - DATAS DA PUBLICAÇÃO E/OU DESIGNAÇÃO SEQUENCIAL | |
| Datas de publicação e/ou designação sequencial | Vol. 1, no. 1 (1964) - |
| 530 ## - FORMA FÍSICA ADICIONAL | |
| Forma física adicional | Disponível também em versão online. |
| 590 ## - NOTA LOCAL | |
| Nota da biblioteca ou instituição | Data de início da coleção na Biblioteca : 2018 - |
| 650 ## - ASSUNTO TÓPICO | |
| Cabeçalho tópico ou nome geográfico | Direito |
| Subdivisão de forma | Periódicos |
| Subdivisão geográfica | Brasil |
| 650 ## - ASSUNTO TÓPICO | |
| Cabeçalho tópico ou nome geográfico | Ciências jurídicas |
| Subdivisão de forma | Periódicos |
| Subdivisão geográfica | Brasil |
| 710 1# - ENTRADA SECUNDÁRIA -- ENTIDADE | |
| Nome da entidade ou lugar | Brasil. |
| Unidade subordinada | Congresso Nacional. |
| -- | Senado Federal. |
| 942 ## - ELEMENTOS DE ENTRADA ADICIONAIS (KOHA) | |
| Fonte de classificação ou esquema de arquivamento | Classificação Decimal Universal |
| Tipo de item do Koha | Periódicos |
| Estado: removido | Estado: perdido | Fonte de classificação ou esquema de arquivamento | Estado: danificado | Indisponível para empréstimo | Código da coleção | Localização permanente | Localização atual | Data de aquisição | Numeração serial / cronológica | Total Checkouts | Número de Chamada completo | Código de barras | Date last seen | Número do exemplar | Preço efetivo a partir de | Tipo de item (Koha) |
|---|---|---|---|---|---|---|---|---|---|---|---|---|---|---|---|---|
| Classificação Decimal Universal | Periódicos | Biblioteca da Escola Superior de Contas do TCE/MT | Biblioteca da Escola Superior de Contas do TCE/MT | 16/12/2023 | v. 55, n. 219, jul./set. 2018 | Periódico 34(05) | BIBTCEMT23120717 | 16/12/2023 | Ex. 1 | 16/12/2023 | Periódicos |